О совещании представителей нацменьшинств на Украине

Доступно только в Электронных читальных залах Найти на картеНа карте
RUSMARC
00003585nac2a22002413x 450
001212e5d2b-f271-47c2-8462-f8b6877abe7d
00520220204210842.0
100##$a20211219l19261927k y0rusy50 ca
1010#$arus
102##$aRU
105##$ay z |||||
1222#$ad19261230
$ad19270413
2001#$aО совещании представителей нацменьшинств на Украине
$j30.12.1926 - 13.04.1927
215##$a43 листа
251##$cДело
300##$aВ деле имеются телеграммы
300##$aЧасть текста машинописная и рукописная, часть - напечатана типографским способом
461#0$1001796d4672-8a00-4986-b488-6e42273792cc
$12001
$aЦЕНТРАЛЬНЫЙ ИСПОЛНИТЕЛЬНЫЙ КОМИТЕТ СССР (ЦИК СССР)
$1251
$cФонд
$1852
$j3316
$gР
462#0$1001e365b2fb-f374-4764-a068-dc9012f0aaee
$12001
$aДела Секретариата Президиума ЦИК Союза ССР за 1926 г.
$vД. 324
$1251
$cОпись
$1852
$j19
60101$3RU\NLR\AUTH\880357276
$aСССР
$bЦИК
801#0$aRU
$bGA_RF
801#1$aRU
$bГлавНИВЦ
$c20211219
$2rusmarc
801#2$aRU
$bПБ им. Б.Н. Ельцина
$c20220204
$gRCR
$2rusmarc
852##$aГА РФ
$j324
937##$d173900082
$hГАРФ
035##$aRuPRLIB51066473
856##$uhttp://readingroom.main.prlib.ru/item.aspx?id_node=n173900082&mode=full
Формат отображения